Адриан фан Остаде (Запись № 9227483)

Подробности
000 -МАРКЕР
контрольное поле 01246nam0a22002891 4500
001 - ИДЕНТИФИКАТОР ЗАПИСИ
контрольное поле rc\4621018
005 - ИДЕНТИФИКАТОР ВЕРСИИ
контрольное поле 20260407000007.0
021 ## - НОМЕР ГОСУДАРСТВЕННОЙ РЕГИСТРАЦИИ
Код страны Российская Федерация
Номер [61-4006]
035 ## - ДРУГИЕ СИСТЕМНЫЕ НОМЕРА
Идентификатор записи (NLR Aleph) 008399506
100 ## - ДАННЫЕ ОБЩЕЙ ОБРАБОТКИ
Данные общей обработки 20130416d1960 |||y0rusy50 ca
101 0# - ЯЗЫК РЕСУРСА
Язык текста, звукозаписи и т.д. русский
102 ## - СТРАНА ПУБЛИКАЦИИ ИЛИ ПРОИЗВОДСТВА
Страна публикации Российская Федерация
105 ## - ПОЛЕ КОДИРОВАННЫХ ДАННЫХ: ТЕКСТОВЫЕ МАТЕРИАЛЫ, МОНОГРАФИЧЕСКИЕ
Кодированные данные о монографическом текстовом документе a b |||||
200 1# - ЗАГЛАВИЕ И СВЕДЕНИЯ ОБ ОТВЕТСТВЕННОСТИ
Основное заглавие Адриан фан Остаде
Сведения, относящиеся к заглавию Выставка произведений художника к 350-летию со дня рождения. [1610-1960]
-- Каталог-путеводитель
Первые сведения об ответственности Гос. Эрмитаж
210 ## - ПУБЛИКАЦИЯ, РАСПРОСТРАНЕНИЕ И ДР.
Место издания, распространения и т.д. Ленинград
Имя издателя, распространителя и т. д. Изд-во Гос. Эрмитажа
Дата издания, распространения и т.д. 1960
215 ## - ФИЗИЧЕСКАЯ ХАРАКТЕРИСТИКА
Специфическое обозначение материала и объем 168 с.
Другие сведения о физической характеристике ил.
Размеры 22
300 ## - ОБЩИЕ ПРИМЕЧАНИЯ
Текст примечания Перед загл. авт.: Ю.И. Кузнецов
701 #1 - ИМЯ ЛИЦА - АЛЬТЕРНАТИВНАЯ ОТВЕТСТВЕННОСТЬ
Графика поля Кириллица
Материалы, к которым относится поле rus
Начальный элемент ввода Кузнецов
Часть имени, кроме начального элемента ввода Ю. И.
Дополнения к именам, кроме дат искусствовед
Даты 1920-1984
Расширение инициалов личного имени Юрий Иванович
Идентификатор авторитетной/нормативной записи RU\NLR\AUTH\770281711
Системный номер авторитетной/нормативной записи 2653678
702 #1 - ИМЯ ЛИЦА - ВТОРИЧНАЯ ОТВЕТСТВЕННОСТЬ
Начальный элемент ввода Остаде
Часть имени, кроме начального элемента ввода А. фан
Расширение инициалов личного имени Адриан фан
Код отношения Прочие
710 10 - НАИМЕНОВАНИЕ ОРГАНИЗАЦИИ - ПЕРВИЧНАЯ ОТВЕТСТВЕННОСТЬ
Начальный элемент ввода Остаде,
Инверсированный элемент Адриан ван
Часть наименования, отличная от начального элемента ввода и от инверсированного элемента Выставка произведений
Дата проведения временной организации 1960
Место проведения временной организации Ленинград
Идентификатор авторитетной/нормативной записи RU\NLR\AUTH\889989937
Системный номер авторитетной/нормативной записи 475366
801 #0 - ИСТОЧНИК ЗАПИСИ
Страна Российская Федерация
Организация NLR
Правила каталогизации psbo
801 #1 - ИСТОЧНИК ЗАПИСИ
Страна Российская Федерация
Организация ELAR
Источник данных rusmarc
852 ## - МЕСТОНАХОЖДЕНИЕ И ШИФР ХРАНЕНИЯ
Идентификатор организации NLR
Шифр хранения (Call Number) 61-5/676
942 ## - ДОПОЛНИТЕЛЬНЫЕ ЭЛЕМЕНТЫ ЗАПИСИ (АБИС)
Тип экземпляра АБИС Книга
980 ## - КОЛЛЕКЦИЯ
Название коллекции Национальная библиография
Экземпляры
Тип экземпляра Дата поступления Библиотека постоянного хранения Библиотека текущего хранения Место хранения Шифр хранения Штрих-код Статус экземпляра Источник поступления Стоимость
Книга 26.10.2013 РНБ (Московский) РНБ (Московский) Русский книжный фонд: издания с 1957 года 61-5/676 1-4227675      
Книга 07.05.2014 РНБ (Московский) РНБ (Московский) Фонд общего зала литературы по филологии, педагогике и искусству (гуманитарной литературы) Л1 Щ143(4-8)-8/О-760-К 1-502348     0.80
Книга 12.02.2014 РНБ (Садовая) РНБ (Садовая) Фонд научного зала литературы и искусства Нз Щ14(4/8)/О-760о 1-262702   Подсобные фонды РНБ 120.00
Книга 09.04.2015 РНБ (Фонтанка) РНБ (Фонтанка) Юношеский читальный зал Ю Щ14(4-8)8Остаде/О-76 1-851229   Источник неизвестен